000
00200 a2200109 4500
020
_a
140345745x
041
_a
spa
100
_a
Lola M.Schaefer
245
_a
El armadillo
942
_c
BK
952
_7
4
999
_c
17777
_d
17777